| 000 | 00602nam a22002057a 4500 | ||
|---|---|---|---|
| 003 | OSt | ||
| 005 | 20260220120245.0 | ||
| 008 | 250701b |||||||| |||| 00| 0 eng d | ||
| 020 | _a9789366169798 | ||
| 041 | _aENG | ||
| 082 |
_223 _a610.7343 |
||
| 100 |
_aBandana _9180188 |
||
| 245 |
_aCommunity Health Nursing -II Semester -VII _bAs per the Revised INC Syllabus BSc. Nursing |
||
| 250 | _a1st Edition | ||
| 260 |
_aNew Delhi _bJaypee Brothers Medical Publishers _c2025 |
||
| 300 | _aXXVIII;534P. | ||
| 651 | _aCommunity Health Nursing | ||
| 700 |
_aKaur, Taranpreet _9212483 |
||
| 942 |
_2ddc _cBK |
||
| 999 |
_c367135 _d367135 |
||